CORTIS - Toutes les chansons - Statistiques

Statistiques générales
  • Ce quiz a été pris 138 fois
    52 depuis la dernière actualisation
  • Le résultat moyen est 6 sur 7
Statistiques - réponses
Hint Réponse % Correct
Color Outside the Lines 3 Fashion
100%
Color Outside the Lines 1 Go!
98%
Color Outside the Lines 4 Joyride
85%
Color Outside the Lines 2 What You Want
85%
Color Outside the Lines Bonus What You Want (feat. Teezo Touchdown)
85%
Color Outside the Lines 5 Lullaby
83%
Singles 2026 Mention Me pour GOAT
68%
Aucun quiz correspondant
Distribution des résultats
% des personnes avec chaque résultat
Percentile par nombre de réponses
Votre historique - résultats
Vous n’avez pas pris ce quiz depuis la dernière actualisation